Anime and Manga Number Quiz - Statistics

General Stats
  • This quiz has been taken 94 times
  • The average score is 9 of 15
Answer Stats
Hint Answer % Correct
Deadly Sins 7
99%
Number of Titan Shifters from Attack on Titan 9
99%
Izuku Midoriya's hero ranking at the end of My Hero Academia 4
96%
Number of male students in Prison School 5
95%
Part of Jojolion 8
93%
Number of Diary Holders in Mirai Nikki 12
88%
Amount of breathing styles in Demon Slayer 16
74%
Amount of girlfriends Rentarō Aijō has 100
55%
How many seconds have to pass for someone to die if their name is written in the Death Note 40
49%
Hinata Shoyo's professional jersey number 21
44%
Vegeta says "hes going _____" 9000
38%
Amount of original Pokémon in the Kanto region 151
33%
Number on Shinji's Evangelion 01
29%
Floor where Kirito beat Sword Art Online 75
11%
The amount of seconds it took Gojo to kill the transfigured humans in Shibuya 299
5%
No matching quizzes found
Score Distribution
Percent of People with Each Score
Percentile by Number Answered
Your Score History
You have not taken this quiz